<?xml version="1.0" encoding="UTF-8"?>
<record
    xmlns:xsi="http://www.w3.org/2001/XMLSchema-instance"
    xsi:schemaLocation="http://www.loc.gov/MARC21/slim http://www.loc.gov/standards/marcxml/schema/MARC21slim.xsd"
    xmlns="http://www.loc.gov/MARC21/slim">

  <leader>01643nam a22002417a 4500</leader>
  <controlfield tag="005">20250107143247.0</controlfield>
  <controlfield tag="008">250107b           ||||| |||| 00| 0 eng d</controlfield>
  <datafield tag="020" ind1=" " ind2=" ">
    <subfield code="a">9781784700171</subfield>
  </datafield>
  <datafield tag="040" ind1=" " ind2=" ">
    <subfield code="c">AL</subfield>
  </datafield>
  <datafield tag="041" ind1=" " ind2=" ">
    <subfield code="a">English</subfield>
  </datafield>
  <datafield tag="082" ind1=" " ind2=" ">
    <subfield code="2">23</subfield>
    <subfield code="a">579.17</subfield>
    <subfield code="b">YONC</subfield>
  </datafield>
  <datafield tag="100" ind1=" " ind2=" ">
    <subfield code="a">Ed Yong</subfield>
    <subfield code="9">192473</subfield>
  </datafield>
  <datafield tag="245" ind1=" " ind2=" ">
    <subfield code="a">Contain Multitudes: The Microbes Within US and a Grander View of Life </subfield>
  </datafield>
  <datafield tag="260" ind1=" " ind2=" ">
    <subfield code="a">London</subfield>
    <subfield code="b">Vintage Publishing</subfield>
    <subfield code="c">2016</subfield>
  </datafield>
  <datafield tag="300" ind1=" " ind2=" ">
    <subfield code="a">354 p.</subfield>
    <subfield code="b">PB</subfield>
    <subfield code="c">19.5x12.5 cm.</subfield>
  </datafield>
  <datafield tag="365" ind1=" " ind2=" ">
    <subfield code="a">BOM5-261960</subfield>
    <subfield code="b">&#x20B9;429.41</subfield>
    <subfield code="c">&#x20B9;</subfield>
    <subfield code="d">&#x20B9;442.69</subfield>
    <subfield code="e">13.28</subfield>
    <subfield code="f">18-12-2024</subfield>
  </datafield>
  <datafield tag="520" ind1=" " ind2=" ">
    <subfield code="a">THE NEW YORK TIMES BESTSELLER FROM THE WINNER OF THE 2021 PULITZER PRIZE Your body is teeming with tens of trillions of microbes. It's an entire world, a colony full of life. In other words, you contain multitudes. They sculpt our organs, protect us from diseases, guide our behaviour, and bombard us with their genes. They also hold the key to understanding all life on earth. In I Contain Multitudes, Ed Yong opens our eyes and invites us to marvel at ourselves and other animals in a new light, less as individuals and more as thriving ecosystems. You'll never think about your mind, body or preferences in the same way again. 'Super-interesting... He just keeps imparting one surprising, fascinating insight after the next. I Contain Multitudes is science journalism at its best' Bill GatesSHORTLISTED FOR THE WELLCOME BOOK PRIZE 2017 SHORTLISTED FOR THE ROYAL SOCIETY SCIENCE BOOK PRIZE 2017</subfield>
  </datafield>
  <datafield tag="650" ind1=" " ind2=" ">
    <subfield code="a">Human body--Microbiology</subfield>
    <subfield code="9">192474</subfield>
  </datafield>
  <datafield tag="650" ind1=" " ind2=" ">
    <subfield code="a">Microorganisms</subfield>
    <subfield code="9">192475</subfield>
  </datafield>
  <datafield tag="650" ind1=" " ind2=" ">
    <subfield code="a">Symbiosis</subfield>
    <subfield code="9">192476</subfield>
  </datafield>
  <datafield tag="650" ind1=" " ind2=" ">
    <subfield code="a">Bacteria Anaerobic--physiology</subfield>
    <subfield code="9">192477</subfield>
  </datafield>
  <datafield tag="942" ind1=" " ind2=" ">
    <subfield code="2">ddc</subfield>
    <subfield code="c">BK</subfield>
  </datafield>
  <datafield tag="999" ind1=" " ind2=" ">
    <subfield code="c">233539</subfield>
    <subfield code="d">233539</subfield>
  </datafield>
  <datafield tag="952" ind1=" " ind2=" ">
    <subfield code="0">0</subfield>
    <subfield code="1">0</subfield>
    <subfield code="2">ddc</subfield>
    <subfield code="4">0</subfield>
    <subfield code="7">0</subfield>
    <subfield code="8">ENG</subfield>
    <subfield code="a">AL</subfield>
    <subfield code="b">AL</subfield>
    <subfield code="d">2025-01-04</subfield>
    <subfield code="e">amazon.in</subfield>
    <subfield code="g">429.41</subfield>
    <subfield code="l">5</subfield>
    <subfield code="m">2</subfield>
    <subfield code="o">579.17 YONC</subfield>
    <subfield code="p">077486</subfield>
    <subfield code="r">2025-09-11 13:13:21</subfield>
    <subfield code="s">2025-09-01</subfield>
    <subfield code="v">442.69</subfield>
    <subfield code="w">2025-01-07</subfield>
    <subfield code="y">BK</subfield>
  </datafield>
  <datafield tag="952" ind1=" " ind2=" ">
    <subfield code="0">0</subfield>
    <subfield code="1">0</subfield>
    <subfield code="2">ddc</subfield>
    <subfield code="4">0</subfield>
    <subfield code="7">0</subfield>
    <subfield code="8">ENG</subfield>
    <subfield code="a">AL</subfield>
    <subfield code="b">AL</subfield>
    <subfield code="d">2025-01-04</subfield>
    <subfield code="e">amazon.in</subfield>
    <subfield code="g">429.41</subfield>
    <subfield code="l">2</subfield>
    <subfield code="m">1</subfield>
    <subfield code="o">579.17 YONC</subfield>
    <subfield code="p">077487</subfield>
    <subfield code="r">2026-02-12 11:49:21</subfield>
    <subfield code="s">2026-02-03</subfield>
    <subfield code="v">442.69</subfield>
    <subfield code="w">2025-01-07</subfield>
    <subfield code="y">BK</subfield>
  </datafield>
</record>
